| 000 | 01120nam a22002655a 4500 | ||
|---|---|---|---|
| 003 | OSt | ||
| 005 | 20161207111645.0 | ||
| 008 | 161207s1998 ua frb 000 0 ara d | ||
| 040 |
_aEG-ScBUE _bara _cEG-ScBUE |
||
| 082 | 0 | 4 |
_a341 _bأ ب و _222 |
| 100 | 1 | _aأبو الوفا، أحمد. | |
| 245 | 1 | 0 |
_aأصول القانون الدولي والعلاقات الدولية عند الإمام الشيباني / _cأحمد أبو الوفا. |
| 260 |
_aالقاهرة : _bدار النهضة العربية، _c1998. |
||
| 300 |
_a222 ص. ؛ _c24 سم. |
||
| 504 | _aيشتمل على إرجاعات ببليوجرافية. | ||
| 600 | 1 |
_aالشيباني، محمد بن الحسن، _d131-189 هـ. _tالسير الكبير. |
|
| 650 | 7 |
_aالقانون الدولي. _2BUEsh |
|
| 650 | 7 |
_aالعلاقات الدولية. _2BUEsh _917652 |
|
| 650 | 7 |
_aالجهاد في الإسلام. _2BUEsh |
|
| 651 | _2BUEsh | ||
| 653 |
_bLLAAWW _cDecember2016 |
||
| 700 | 1 | 2 |
_aالشيباني، محمد بن الحسن، _d131-189 هـ. _tالسير الكبير. |
| 740 | 2 | 2 | _aالسير الكبير. |
| 942 | _2ddc | ||
| 999 |
_c23490 _d23462 |
||